| 000 | 00421nam a2200157Ia 4500 | ||
|---|---|---|---|
| 003 | GCL | ||
| 008 | 140319s9999 xx 000 0 eng d | ||
| 040 |
_aGCL / _cGCL |
||
| 082 | 0 | 4 |
_a792.0924 _bH T |
| 100 | 1 | _aHOBSON, SIR | |
| 245 | 1 | 0 |
_aTheatre in Britain: Apersonal View / _cHOBSON, SIR |
| 260 |
_a[S.N] : _bPHAIDON ، _c1984 |
||
| 650 | 0 | 4 | _aGREAT BRITAIN - CASE STUDY |
| 650 | 0 | 4 | _aTHEATER - CRECIT |
| 942 |
_2ddc _cBK |
||
| 999 |
_c17669 _d17669 |
||